000 00335nam a2200133Ia 4500
008 240624s9999 xx 000 0 und d
041 _aeng
082 _a658.4012 MAZ
100 _aMAZZUCATO MARIANA
245 _aSTRATEGY FOR BUSINESS A READER
260 _c2002
_aLondon
_bSage Publications
300 _a400 : p.
365 _cGBP
_b30
999 _c20905
_d20905